¿Qué hacer? La guerra y la economía en Centroamérica
Análisis de la situación política y social de Centroamérica, donde se pone en evidencia el esequilibrio de los modelos políticos y económicos de los países del área, como producto de la guerra y del endeudamiento externo. Por lo demás, se propone como solución una negociación, en distintos niveles d...
Sábháilte in:
| Formáid: | Téacs |
|---|---|
| Ábhair: | |
| Clibeanna: |
Cuir clib leis
Níl clibeanna ann, Bí ar an gcéad duine le clib a chur leis an taifead seo!
|
MARC
| LEADER | 00000 a a2200000 04500 | ||
|---|---|---|---|
| 001 | 12693 | ||
| 003 | |||
| 040 | |||
| 245 | |a ¿Qué hacer? La guerra y la economía en Centroamérica | ||
| 520 | |a Análisis de la situación política y social de Centroamérica, donde se pone en evidencia el esequilibrio de los modelos políticos y económicos de los países del área, como producto de la guerra y del endeudamiento externo. Por lo demás, se propone como solución una negociación, en distintos niveles de la política centroamericana. Concluye con un llamado a las nuevas generaciones para que luchen por la paz y el desarme de la región. FBG/mb | ||
| 650 | |a MODELOS ECONOMICOS | ||
| 650 | |a GUERRA | ||
| 650 | |a DEUDA EXTERNA | ||
| 650 | |a DESARME | ||
| 650 | |a CONDICIONES ECONOMICAS | ||
| 773 | |g número 21; páginas 2-3 | ||
| 999 | |c 34614 |d 34614 | ||
